Voľný čas stredoškolskej mládeže a jeho využívanie

Saved in:
Bibliographic Details
Main Author: Bečkyová, Eva, 1984- (Author)
Other Authors: Bednáriková, Mária, 1978- (Thesis advisor)
Format: Manuscript Book
Language:Slovak
Published: STU v Bratislave MTF UIPH, 2010
Subjects:
Online Access:VAIS
Tags: Add Tag
No Tags, Be the first to tag this record!

MARC

LEADER 00000ntm a22000003a 4500
001 stu208113
005 20160719160322.0
008 100722s2010------------------------slo-d
040 |a STU  |b slo 
041 0 |a slo 
100 1 |a Bečkyová, Eva,  |d 1984-  |4 aut  |X 57476  |7 A000057476 
242 0 0 |a Leisure time of high school juveniles and its utilization  |y eng 
245 1 |a Voľný čas stredoškolskej mládeže a jeho využívanie 
260 |b STU v Bratislave MTF UIPH,  |c 2010 
650 7 |a voľný čas  |2 stusub 
700 1 |a Bednáriková, Mária,  |d 1978-  |4 ths  |u M310  |U MTF Ústav inžinierskej pedagogiky a humatitných vied  |T MTF Katedra humanitných vied  |X 70675  |U M310  |Y M310  |7 A000070675 
856 4 |a info a plný text  |u http://is.stuba.sk/zp/portal_zp.pl?podrobnosti=58684  |3 VAIS 
996 |c M*DP-9629  |l MMSKP  |s P  |a 0  |w stu208113_0001